000 00689nam a2200289Ia 4500
005 20260324115943.0
008 008 260324s9999 xx 000 0 eng d
020 _a9781315610054
037 _aEBOOK
040 _aCRL
040 _beng
040 _cCRL
041 _2eng
041 _aeng
084 _qCRL
100 _aMattijs Smits
_91156647
245 0 _aSoutheast Asian Energy Transitions
245 0 _bBetween Modernity and Sustainability
260 _bTaylor and Francis
260 _c2015
365 _a
365 _b230
856 _uhttp://www.taylorfrancis.com/books/9781315610054
942 _cEBOOK
999 _c1747909
_d1747909